00259nam a2200109Ia 4500008004100000020001500041050001400056245002400070260003800094260000900132300000800141160319s9999 xx 000 0 und d a9719285524 bP729 2005 aPlorante at Laura / bAlberto Enrico Educational Center c2005 a200